LEADER 01230nam0 22002651i 450 001 SUN0059404 005 20070523120000.0 020 $aIT$b2000 4998 100 $a20070523e19991476 |0itac50 ba 101 $aita 102 $aIT 105 $a|||| ||||| 200 1 $aAbbatia Sanctae Mariae de Ferrara in agro Vairano$enotarii Francisci Antonii de Pernutiis platea 1622-23$efondo Gesuitico, manoscritto 1048 alla Biblioteca nazionale centrale di Roma$fpresentazione del prof. Enrico Cuozzo$ga cura di Domenico Loffreda 210 $aNapoli$cLoffredo$d[1999] 215 $aXIII, 415 p.$cill.$d24 cm. 620 $dNapoli$3SUNL000005 676 $a333.3220945725$v21 702 1$aLoffreda$b, Domenico$3SUNV047005 712 $aLoffredo$3SUNV000521$4650 801 $aIT$bSOL$c20181109$gRICA 912 $aSUN0059404 950 $aUFFICIO DI BIBLIOTECA DEL DIPARTIMENTO DI LETTERE E BENI CULTURALI$d07 CONS Bb Vairano Patenora $e07 17667 1295 995 $aUFFICIO DI BIBLIOTECA DEL DIPARTIMENTO DI LETTERE E BENI CULTURALI$bIT-CE0103$h17667$kCONS Bb Vairano Patenora 1295$oc$qa 996 $aAbbatia Sanctae Mariae de Ferrara in agro Vairano$91090303 997 $aUNICAMPANIA LEADER 01003cam2-2200373---450 001 990001786390403321 005 20200728115930.0 010 $a88-7019-678-X 035 $a000178639 035 $aFED01000178639 035 $a(Aleph)000178639FED01 035 $a000178639 100 $a20030910d1994----km-y0itay50------ba 101 0 $aita 102 $aIT 105 $aa 001yy 200 1 $aColeoptera - Elateridae$fGiuseppe Platia 210 $aBologna$cCalderini$d1994 215 $aXIV, 429 p.$cill.$d24 cm 461 0$1001000164472$12001$aFauna d'Italia$v33 610 0 $aColeoptera 610 0 $aElateridae 676 $a595.76 676 $a591.945$v23$zita 700 1$aPlatia,$bGiuseppe$063391 801 0$aIT$bUNINA$gRICA$2UNIMARC 901 $aBK 912 $a990001786390403321 952 $a60 591.945 FAUITA (033)$b5092$fFAGBC 952 $a15 VI 1 (33$b2093$fDBV 959 $aFAGBC 959 $aDBV 996 $aColeoptera - Elateridae$9407840 997 $aUNINA LEADER 02803nam 2200625 450 001 9910829018303321 005 20230803034202.0 010 $a1-4384-4876-7 035 $a(CKB)3710000000074045 035 $a(EBL)3408814 035 $a(SSID)ssj0001084382 035 $a(PQKBManifestationID)11667933 035 $a(PQKBTitleCode)TC0001084382 035 $a(PQKBWorkID)11035266 035 $a(PQKB)10657624 035 $a(MiAaPQ)EBC3408814 035 $a(OCoLC)869735904 035 $a(MdBmJHUP)muse27230 035 $a(Au-PeEL)EBL3408814 035 $a(CaPaEBR)ebr10815239 035 $a(EXLCZ)993710000000074045 100 $a20130125h20132013 uy| 0 101 0 $aeng 135 $aur|n|---||||| 181 $ctxt 182 $cc 183 $acr 200 14$aThe dream on the rock $evisions of prehistory /$fFulvio Gosso and Peter Webster 210 1$aAlbany :$cState University of New York Press,$d[2013] 210 4$dİ2013 215 $a1 online resource (138 p.) 300 $aDescription based upon print version of record. 311 $a1-4384-4875-9 320 $aIncludes bibliographical references and index. 327 $a""Contents""; ""List of Tables and Illustrations""; ""Acknowledgments""; ""Introduction""; ""1 Foundations of the Research""; ""The a???Religiousa??? Problem and the Origins of Consciousness""; ""The Entoptic Phenomena""; ""The Psychoactive a???Psychedelica??? Substances""; ""Origins of Shamanism""; ""Evolutionary Models""; ""2 Sites of the Research""; ""Preface""; ""The American Colorado Plateau""; ""Latin America""; ""Tassili in the Sahara Desert""; ""Far-Eastern Siberia""; ""Europe and the New Sites""; ""The Cup Marks Phenomenon""; ""3 The Significance of the Research"" 327 $a""Rock Art and Psychology""""Foundation Myths""; ""The Crisis of the Cultural Paradigm""; ""4 Origins of Psychedelia (Peter Webster)""; ""The Most Human Universal""; ""What Makyth a Man?""; ""Evolutionary Scenario""; ""Genetics to the Rescue""; ""The Trigger Event""; ""Climate Change""; ""The Long Winter""; ""Ethiopia""; ""Notes""; ""Index"" 330 $a"Examines the relationship between rock art, shamanism, and the origins of human existence"--Provided by publisher. 606 $aPetroglyphs 606 $aRock paintings 606 $aArt, Prehistoric 606 $aShamanism in art 615 0$aPetroglyphs. 615 0$aRock paintings. 615 0$aArt, Prehistoric. 615 0$aShamanism in art. 676 $a709.01/13 700 $aGosso$b Fulvio$f1954-$0765302 701 $aWebster$b Peter$0946322 801 0$bMiAaPQ 801 1$bMiAaPQ 801 2$bMiAaPQ 906 $aBOOK 912 $a9910829018303321 996 $aThe dream on the rock$93979305 997 $aUNINA